| 000 | 00867nam a22002897a 4500 | ||
|---|---|---|---|
| 003 | CHAP | ||
| 005 | 20220329133647.0 | ||
| 008 | 971013s1990 r 00010 d | ||
| 010 | _a9156 | ||
| 011 | _a10128 | ||
| 035 | _a9365 | ||
| 040 | _cCHAP | ||
| 082 |
_a595.75 _bG4 |
||
| 100 | 0 | 0 |
_aGerling, Dan _eed. _947746 |
| 245 |
_aWhiteflies _b: their bionomics, pest status and management |
||
| 260 |
_aAndover, Hants : _bIntercept, _c1990 |
||
| 300 | _a348 p. | ||
| 590 |
_aBATCH-UPD _b10 _c20130110 _lUCH01 _h0248 |
||
| 590 |
_aBATCH-UPD _b10 _c20130110 _lUCH01 _h1745 |
||
| 590 |
_aCONVERSION _b10 _c20130109 _lUCH01 _h1306 |
||
| 650 | 1 | 4 |
_aAleurodidae. _93803 |
| 650 | 1 | 4 |
_aControl de plagas. _927595 |
| 650 | 1 | 4 |
_aCultivos _xPlagas. _930305 |
| 901 | _aBK | ||
| 942 | _cLIBRO | ||
| 949 |
_a595.75 G4 _bBC _cLIBRO _d33724000369989 _eLIBRO _gI. 171793 _h85570 _i9365 _si _t245.40 |
||
| 999 |
_c9156 _d9156 |
||